000 00911nam a22002657a 4500
999 _c14395
_d14395
003 MIRAKIL
005 20211214000619.0
008 210608b tu ||||| |||| 00| 0 tur d
020 _a9789751039095
040 _aTR-AnCHP
_cTR-AnCHP
041 _aTur
082 _a320.9561
_bZ35k 2018
100 _aZengin, Gürkan
245 1 0 _aKuşatma :
_bTürkiye’nin beka mücadelesi 2013-2017 /
_cGürkan Zengin.
246 _aTürkiye’nin beka mücadelesi 2013-2017
260 _aİstanbul :
_bİnkılap Kitabevi,
_c2018.
300 _a461 s.:
_bfotg.;
_c21 sm.
504 _aKaynakça ve dizin vardır.
650 0 _aSiyaset ve yönetim
_xTürkiye
_y2013-2017
_99
650 0 _95876
_aSiyaset ve din
_xTürkiye
650 0 _95221
_aOrdu ve siyaset
_xTürkiye
650 0 _95071
_aFetö (Fethullahçı Terör Örgütü)
_xTürkiye
740 _aTürkiye’nin beka mücadelesi 2013-2017
942 _2ddc
_cBKS